Statistics for Red White and Blue Flags

Click here to take the quiz!

General Stats

  • This quiz has been taken 58 times
  • The average score is 28 of 38

Answer Stats

Answer% Correct
Australia
95%
France
91%
South Korea
91%
Chile
89%
Croatia
89%
Nepal
89%
Russia
89%
Czech Republic
86%
Iceland
86%
Norway
86%
The Netherlands
86%
New Zealand
84%
North Korea
84%
United Kingdom
84%
United States
84%
Cuba
82%
Luxembourg
80%
Malaysia
80%
Panama
80%
Serbia
77%
Slovenia
77%
Costa Rica
75%
Slovakia
75%
Cambodia
73%
Thailand
73%
Laos
70%
Liberia
70%
The Philippines
70%
Paraguay
66%
Dominican Republic
64%
Haiti
61%
Taiwan
61%
Samoa
59%
Puerto Rico
55%
Faroe Islands
52%
Cook Islands
41%
Sint Maarten
27%
Schleswig-Holstein
11%

Score Distribution

Percentile by Number Answered

Percent of People with Each Score

Your Score History

You have not taken this quiz